| 000 | 00587nam a2200229Ia 4500 | ||
|---|---|---|---|
| 005 | 20250425160733.0 | ||
| 008 | 250425s9999 xx 000 0 und d | ||
| 020 | _a0471276111 | ||
| 041 | _aeng | ||
| 082 | _a621.38028 | ||
| 100 | _aHOWES, M. J. | ||
| 245 | 0 | _aOPTICAL FIBRE COMMUNICATIONS: DEVICES, CIRCUITS, AND SYSTEMS | |
| 250 | _a1ST ED. | ||
| 260 | _aCHICHESTER | ||
| 260 |
_aReino Unido _bJohn Wiley & Sons _c1980 |
||
| 300 | _a304 | ||
| 650 | _aACUACULTURA-SISTEMAS | ||
| 650 | _aFIBRAS OPTICAS | ||
| 650 | _aTRANSMISION DE DATOS | ||
| 942 | _c01 | ||
| 010 | _a3829 | ||
| 999 |
_c195132 _d195132 |
||